<?xml version="1.0" encoding="UTF-8"?>
<collection xmlns:xsi="http://www.w3.org/2001/XMLSchema-instance" xsi:schemaLocation="http://www.loc.gov/MARC21/slim http://www.loc.gov/standards/marcxml/schema/MARC21slim.xsd" xmlns="http://www.loc.gov/MARC21/slim">
 <record>
  <leader>00000nam a22000005i 4500</leader>
  <controlfield tag="001">UP-8027390931311676369</controlfield>
  <controlfield tag="003">Buklod</controlfield>
  <controlfield tag="005">20250402152013.0</controlfield>
  <controlfield tag="006">t    grmmmm ||| u </controlfield>
  <controlfield tag="007">ta</controlfield>
  <controlfield tag="008">250227s2022    inua    r     000 0|eng d</controlfield>
  <datafield tag="020" ind1=" " ind2=" ">
   <subfield code="a">9781119931799</subfield>
   <subfield code="a">(paperback)</subfield>
  </datafield>
  <datafield tag="035" ind1=" " ind2=" ">
   <subfield code="a">22816089</subfield>
  </datafield>
  <datafield tag="037" ind1=" " ind2=" ">
   <subfield code="a">MC-27535</subfield>
   <subfield code="b">Megatext</subfield>
   <subfield code="c">Php 1,791.00</subfield>
  </datafield>
  <datafield tag="040" ind1=" " ind2=" ">
   <subfield code="a">DLC</subfield>
   <subfield code="b">eng</subfield>
   <subfield code="e">rda</subfield>
   <subfield code="d">DMC</subfield>
  </datafield>
  <datafield tag="041" ind1="0" ind2=" ">
   <subfield code="a">eng</subfield>
  </datafield>
  <datafield tag="090" ind1="0" ind2="0">
   <subfield code="a">HM 742</subfield>
   <subfield code="b">H47 2023</subfield>
  </datafield>
  <datafield tag="100" ind1="1" ind2=" ">
   <subfield code="a">Herman, Jenn</subfield>
   <subfield code="e">author.</subfield>
  </datafield>
  <datafield tag="245" ind1="1" ind2="0">
   <subfield code="a">Instagram For Dummies, 2nd Edition</subfield>
   <subfield code="c">Jenn Herman.</subfield>
  </datafield>
  <datafield tag="264" ind1=" " ind2="1">
   <subfield code="a">Indianapolis</subfield>
   <subfield code="b">John Wiley and Sons</subfield>
   <subfield code="c">©2022</subfield>
  </datafield>
  <datafield tag="300" ind1=" " ind2=" ">
   <subfield code="a">ix, 255 pages</subfield>
   <subfield code="b">illustrations (colored)</subfield>
   <subfield code="c">23 cm</subfield>
  </datafield>
  <datafield tag="336" ind1=" " ind2=" ">
   <subfield code="a">text</subfield>
   <subfield code="b">txt</subfield>
   <subfield code="2">rdacontent</subfield>
  </datafield>
  <datafield tag="337" ind1=" " ind2=" ">
   <subfield code="a">unmediated</subfield>
   <subfield code="2">rdamedia</subfield>
  </datafield>
  <datafield tag="338" ind1=" " ind2=" ">
   <subfield code="a">volume</subfield>
   <subfield code="b">nc</subfield>
   <subfield code="2">rdacarrier</subfield>
  </datafield>
  <datafield tag="490" ind1="0" ind2=" ">
   <subfield code="a">For dummies</subfield>
  </datafield>
  <datafield tag="504" ind1=" " ind2=" ">
   <subfield code="a">Includes index (243-255).</subfield>
  </datafield>
  <datafield tag="520" ind1="0" ind2=" ">
   <subfield code="a">Are you on Insta? Start sharing pictures and a lot, lot more Instagram For Dummies helps you navigate Instagram and all the updates coming to the platform. For new and experienced users, this book keeps you in the know, so you can post to your feed, create Reels and Stories, broadcast and watch live video, and so much more. This handy guide covers creating Reels to attract more followers, adding updates and stickers for stories, and the addition of multiple feeds so you can customize your experience. There are so many new features coming to this ever-more-popular social platform, you need a friend like Dummies to help you keep up. Create viral content, or just share cat pics with your close friends and family. Learn the basics of the Instagram app and web interfaces Get started with your first posts, Stories, and Reels Discover the many new features that are making Instagram more fun than ever Find out how to make your posts scroll-stopping and more popularThis is the perfect how-to guide for both newbie and experienced social media users who need a guide on setting up Instagram, expanding their audience, and doing more on the app.</subfield>
  </datafield>
  <datafield tag="650" ind1="0" ind2="0">
   <subfield code="a">Online social networks.</subfield>
  </datafield>
  <datafield tag="905" ind1=" " ind2=" ">
   <subfield code="a">FO</subfield>
  </datafield>
  <datafield tag="852" ind1="0" ind2=" ">
   <subfield code="a">UPD</subfield>
   <subfield code="b">DMC</subfield>
   <subfield code="h">HM 742</subfield>
   <subfield code="i">H47 2023</subfield>
  </datafield>
  <datafield tag="942" ind1=" " ind2=" ">
   <subfield code="a">Book</subfield>
  </datafield>
 </record>
</collection>
